00901nam a22001937a 4500003000800000008004100008037002000049040003500069041000700104080001100111100003200122245014400154260009400298300002300392502016800415650007900583655001200662700003300674BI-BuBU260512b2025 bd |r|||| 00| 0 fre d bdon de l'auteur aBI-BuBUbfrecBI-BuBUdBI-BuBU0 afr a338.011 4aut.aNduwimana,Jean-Pierre1 aAnalyse des effets de seuil de l'aide publique au developpement sur la croissance économique en Afrique (1996-2022 )cJean-Paul Nduwimana aBujumburabUniversité du Burundi,Faculté des Sciences Economiques et de Gestionc2025 aXIV-132 f.c30 cm. aMémoire présenté et défendu publiquement en vue de l'obtention du diplôme de master en Analyse économique et developpement Option : Analyse Economique 72BI-BuBUaCroissance Economique xaide publique au developpementz1996-2022 2BI-BuBU 4dir.aMberamihigo, Ferdinand